All London Stations with Park in the Name - Statistics

General Stats
  • This quiz has been taken 4 times
  • The average score is 23 of 64
Answer Stats
Stations Type % Correct
Green Park Underground
100%
Hyde Park Corner Underground
100%
Belsize Park Underground
75%
Regent's Park Underground
75%
Battersea Park Overground
50%
Battersea Park National Rail
50%
Chiswick Park Underground
50%
Finsbury Park Underground
50%
Finsbury Park National Rail
50%
Finsbury Park Thameslink
50%
Holland Park Underground
50%
Kilburn Park Underground
50%
Queen's Park Underground
50%
Queen's Park Overground
50%
Queen's Park National Rail
50%
Ravenscourt Park Underground
50%
Raynes Park National Rail
50%
St. James's Park Underground
50%
Wembley Park Underground
50%
Westbourne Park Underground
50%
Wimbledon Park Underground
50%
Albany Park National Rail
25%
Beckton Park DLR
25%
Bowes Park National Rail
25%
Brondesbury Park Overground
25%
Bush Hill Park Overground
25%
Canons Park Underground
25%
Carpenders Park Overground
25%
Castle Bar Park National Rail
25%
Crofton Park National Rail
25%
Crofton Park Thameslink
25%
Drayton Park National Rail
25%
Eden Park National Rail
25%
Elm Park Underground
25%
Emerson Park Overground
25%
Gidea Park National Rail
25%
Grange Park National Rail
25%
Grove Park National Rail
25%
Highams Park Overground
25%
Honor Oak Park Overground
25%
Langdon Park DLR
25%
Lloyd Park Tram
25%
Manor Park National Rail
25%
Manor park Elizabeth
25%
Merton Park Tram
25%
Moor Park Underground
25%
Motspur Park National Rail
25%
Newbury Park Underground
25%
Northumberland Park National Rail
25%
Northwick Park Underground
25%
Oakleigh Park National Rail
25%
Oakleigh Park Thameslink
25%
Park Royal Underground
25%
Stonebridge Park Underground
25%
Stonebridge Park Overground
25%
Stonebridge Park National Rail
25%
Tufnell Park Underground
25%
Upton Park Underground
25%
Wandle Park Tram
25%
Wanstead Park Overground
25%
Westcombe Park Thameslink
25%
Woodgrange Park Overground
25%
Woodside Park Underground
25%
Worcester Park National Rail
25%
No matching quizzes found
Score Distribution
Percent of People with Each Score
Percentile by Number Answered
Your Score History
You have not taken this quiz